000 01063nam a22003497a 4500
001 BR2010003550
003 BR-BrBNA
005 20230928103515.0
007 ta
008 230509b bl.||||| |||| 00| 0 por d
040 _aBR-BrBNA
_bpor
_cBiblioteca Nacional de Agricultura
041 _a(Por)
072 _aE14
_b9410
090 _ 9410 BR2010003550
100 1 _aMuzilli, O. (org.)
110 1 _aRede de Inovações e Prospecção Tecnológica para o Agronegócio, Curitiba, PR (Brasil)
_98139
245 1 _aDesenvolvimento de conhecimentos e inovações tecnológicas para a cadeia produtiva do leite: termos de referência para a Região Sul do Brasil
250 1 _a20. ed.
260 3 _aCuritiba, PR (Brasil):
_c2008.
300 _a92 p.
500 _a18 ref.; 52 illus.
650 _aCADEIA PRODUTIVA
650 _aLEITE
650 _aINOVAÇÃO
650 _aTECNOLOGIA
650 _aINDÚSTRIA AGRÍCOLA
650 _aCADASTRO
650 _aDEMANDA
650 _aOFERTA
909 _a202309
_bLucia
_c55
_dLucia Elande
942 _cBK
999 _c75413
_d75413